000 00729nam a2200313Ia 4500
008 210210b2016 xxu||||| |||| 00| 0 eng d
020 _a9789352533114
041 _aeng
082 _a591 AGAZ
100 _aAGARWAL (V K)
245 _aZoology for degree students chordata/Physiology I/Biochemistry I: Bsc III sem Ed 1
250 _a
260 _aNew Delhi
_bS. Chand & Co. Ltd.
_c2016
300 _axvi,957
650 _aZoology
650 _astudents
650 _asem
650 _aIII
650 _aI:
650 _aI/Biochemistry
650 _afor
650 _aEd
650 _adegree
650 _achordata/Physiology
650 _aBsc
650 _a1
690 _aZoology
906 _a072798
999 _c122620
_d122620